000 00319nam a22001337a 4500
008 170511b xxu||||| |||| 00| 0 eng d
020 _a9781587780967
041 _aeng
080 _a34
100 _a15
101 _aSHJ
245 _aFOUNDATIONS OF EMPLOYMENT DISCRIMINATION LAW
_cDONOHUE.J.J
942 _2udc
_cBK
999 _c13223
_d13223